| 000 | 00713nas a2200241 4500 | ||
|---|---|---|---|
| 001 | BR2010004687 | ||
| 003 | BR-BrBNA | ||
| 005 | 20231205114304.0 | ||
| 007 | ta | ||
| 008 | 230509b bl.|||p| |||| 00| 00por d | ||
| 040 |
_aBR-BrBNA _bpor _cBiblioteca Nacional de Agricultura |
||
| 041 | _a(Pt) | ||
| 072 | _aL70 | ||
| 100 | 1 | _aBrum, A.M. de | |
| 100 | 1 | _aCarvalho, M.B. | |
| 245 | 1 | _aExcreção renal de fósforo em cães nefropatas sob estimulação dopaminérgica | |
| 650 | _aCÃO | ||
| 650 | _aMEDICAMENTO | ||
| 650 | _aRIM | ||
| 773 | 0 |
_tCiência Rural (Brazil) _xISSN 0103-8478 _g(Jun 2010), v. 40(6) p. 1314-1320 _wBR2010004687 |
|
| 909 |
_a202311 _bLúcia _c55 _dLúcia Elande |
||
| 942 |
_2AGRIS _n0 _cANA |
||
| 999 |
_c208048 _d208048 |
||